[Event "BL 8586 Bayern-Zehlendorf"]
[Site "?"]
[Date "1986.??.??"]
[Round "?.2"]
[White "Kindermann, S."]
[Black "Riedel, W."]
[Result "1-0"]
[WhiteElo "2480"]
[BlackElo "2310"]
[PlyCount "75"]
[EventDate "1986.??.??"]

1. e4 e5 2. Nf3 Nc6 3. Bb5 a6 4. Ba4 Nf6 5. O-O Be7 6. Re1 b5 7. Bb3 d6 8. c3
O-O 9. h3 Nd7 10. d4 Nb6 11. Nbd2 Bf6 12. Nf1 Re8 13. Ng3 g6 14. Bh6 a5 15. Bc2
Bd7 16. b3 Qe7 17. d5 Na7 18. Bd3 c6 19. Be3 Reb8 20. c4 c5 21. Qd2 a4 22. Ne2
Bg7 23. g4 f6 24. Ng3 Kf7 25. Nh2 bxc4 26. bxc4 a3 27. Rab1 Nac8 28. Rb3 Ra6
29. Reb1 Rba8 30. Nf3 Qd8 31. Ne1 Ra4 32. Qe2 R4a7 33. Nc2 Kg8 34. Bc1 Ba4 35.
Rc3 Qf8 36. Qd2 Qf7 37. Nxa3 Ra5 38. Nc2 1-0

[Event "BL 8586 Bayern-Zehlendorf"]
[Site "?"]
[Date "1986.??.??"]
[Round "?.3"]
[White "Lehmann, H."]
[Black "Bischoff, K."]
[Result "0-1"]
[WhiteElo "2285"]
[BlackElo "2415"]
[PlyCount "52"]
[EventDate "1986.??.??"]

1. Nf3 c5 2. c4 Nf6 3. Nc3 e6 4. e3 a6 5. d4 d5 6. cxd5 exd5 7. Be2 Nc6 8. O-O
Bd6 9. dxc5 Bxc5 10. b3 O-O 11. Bb2 Ba7 12. Rc1 Bf5 13. Na4 Rc8 14. Ba3 Re8 15.
Bc5 Bb8 16. Nd4 Nxd4 17. Qxd4 Re4 18. Qb2 b5 19. Nc3 Rxc5 20. Nxe4 Nxe4 21.
Rxc5 Nxc5 22. Rd1 Ne4 23. f3 Bxh2+ 24. Kxh2 Qh4+ 25. Kg1 Qf2+ 26. Kh1 Bh3 0-1

[Event "BL 8586 Bayern-Zehlendorf"]
[Site "?"]
[Date "1986.??.??"]
[Round "?.4"]
[White "Hecht, H."]
[Black "Dankert, P."]
[Result "1/2-1/2"]
[WhiteElo "2445"]
[BlackElo "2305"]
[PlyCount "53"]
[EventDate "1986.??.??"]

1. Nf3 d5 2. e3 Nf6 3. c4 g6 4. b4 Bg7 5. Bb2 c6 6. cxd5 cxd5 7. Be2 O-O 8. O-O
Re8 9. d3 Nbd7 10. Nc3 Nf8 11. Rc1 Bd7 12. Qb3 e6 13. Ne5 Qb6 14. d4 Rec8 15.
Nxd7 N8xd7 16. Bd3 h5 17. h3 Ne8 18. Na4 Qd8 19. e4 dxe4 20. Bxe4 Nd6 21. Bf3
Rxc1 22. Rxc1 Rc8 23. Nc5 Rc7 24. Re1 Nb6 25. Rxe6 Ndc4 26. Re1 Nxb2 27. Qxb2
1/2-1/2

[Event "BL 8586 Bayern-Zehlendorf"]
[Site "?"]
[Date "1986.??.??"]
[Round "?.5"]
[White "Lieb, H."]
[Black "Hertneck, G."]
[Result "1/2-1/2"]
[WhiteElo "2275"]
[BlackElo "2410"]
[PlyCount "88"]
[EventDate "1986.??.??"]

1. d4 Nf6 2. c4 c5 3. d5 e6 4. Nc3 exd5 5. cxd5 d6 6. e4 g6 7. f4 Bg7 8. Bb5+
Nfd7 9. a4 O-O 10. Nf3 Na6 11. O-O Nc7 12. Bd3 a6 13. Nd2 f5 14. Nc4 fxe4 15.
Bxe4 Nf6 16. Bf3 Rb8 17. a5 Nb5 18. Be3 Bd7 19. Re1 Nxc3 20. bxc3 Bb5 21. Qb3
Qc7 22. Bf2 Rbe8 23. Re6 Rd8 24. Bg3 Ne8 25. h4 Bf6 26. h5 Ng7 27. hxg6 hxg6
28. Ree1 Rde8 29. Nd2 Rxe1+ 30. Bxe1 Bd3 31. Ne4 c4 32. Qb4 Be7 33. Bd2 Nf5 34.
Nf2 Bc2 35. Be4 Bxe4 36. Nxe4 Rf7 37. Ra4 Bd8 38. g4 Nh4 39. Kf2 Qd7 40. Qxd6
Qxg4 41. Qxd8+ Kg7 42. Ng5 Qg2+ 43. Ke1 Qg1+ 44. Ke2 Qg4+ 1/2-1/2

[Event "BL 8586 Bayern-Zehlendorf"]
[Site "?"]
[Date "1986.??.??"]
[Round "?.8"]
[White "Schubert, C."]
[Black "Albrecht, R."]
[Result "1-0"]
[WhiteElo "2255"]
[BlackElo "2250"]
[PlyCount "95"]
[EventDate "1986.??.??"]

1. e4 e6 2. d4 d5 3. Nc3 Bb4 4. e5 c5 5. a3 Bxc3+ 6. bxc3 Qa5 7. Bd2 Qa4 8. Nf3
b6 9. h4 Ne7 10. h5 h6 11. dxc5 bxc5 12. Rh4 Qc6 13. Rg4 Nf5 14. c4 dxc4 15.
Bxc4 Ba6 16. Ba2 Nd7 17. c4 Nb6 18. Kf1 Rd8 19. Kg1 Bb7 20. Bb1 Qd7 21. Ra2 O-O
22. Qc1 Bxf3 23. gxf3 Kh8 24. Be4 Rg8 25. Kg2 Nc8 26. Ba5 Rdf8 27. Bc3 Nce7 28.
Rd2 Qc7 29. Rb2 Rb8 30. Rb5 Rxb5 31. cxb5 Qb6 32. a4 a6 33. bxa6 Qxa6 34. a5
Rd8 35. Qf1 c4 36. Bxf5 exf5 37. Rxc4 Qb7 38. Rd4 Rc8 39. Qd3 Nc6 40. Rd7 Qb3
41. e6 Qxe6 42. Rd6 Qe7 43. Qd2 Kg8 44. a6 Ne5 45. Bxe5 Qxe5 46. Rd8+ Rxd8 47.
Qxd8+ Kh7 48. a7 1-0

[Event "BL 8586 Kreuzberg-Bayern"]
[Site "?"]
[Date "1986.??.??"]
[Round "?.2"]
[White "King, D."]
[Black "Kindermann, S."]
[Result "1/2-1/2"]
[WhiteElo "2435"]
[BlackElo "2480"]
[PlyCount "68"]
[EventDate "1986.??.??"]

1. e4 c5 2. Nf3 e6 3. c3 d5 4. exd5 exd5 5. d4 Nc6 6. Be2 Bd6 7. dxc5 Bxc5 8.
Nbd2 Nf6 9. O-O Bb6 10. Nb3 Ne4 11. Nfd4 O-O 12. Be3 Bc7 13. Nd2 Qd6 14. g3 Qg6
15. Bh5 Qf6 16. Nxc6 bxc6 17. Nxe4 dxe4 18. Qa4 Bh3 19. Rfe1 Qf5 20. Be2 Qg6
21. Qc4 Kh8 22. Bc5 Rfe8 23. Bf1 Bxf1 24. Kxf1 f5 25. Rad1 f4 26. Rd7 Bb6 27.
Bd4 Bxd4 28. Qxd4 c5 29. Qd6 Qh5 30. Kg1 Qh3 31. gxf4 Qg4+ 32. Kf1 Qh3+ 33. Kg1
Qg4+ 34. Kf1 Qh3+ 1/2-1/2

[Event "BL 8586 Kreuzberg-Bayern"]
[Site "?"]
[Date "1986.??.??"]
[Round "?.3"]
[White "Bischoff, K."]
[Black "Lehmann, K."]
[Result "1-0"]
[WhiteElo "2415"]
[BlackElo "2225"]
[PlyCount "87"]
[EventDate "1986.??.??"]

1. c4 e5 2. Nc3 Bb4 3. Qc2 Nf6 4. Nf3 Qe7 5. e3 O-O 6. Ne4 c6 7. a3 Ba5 8.
Nxf6+ Qxf6 9. b4 Bc7 10. Bb2 d6 11. d4 Bg4 12. dxe5 dxe5 13. Be2 Qe7 14. h3 Bh5
15. Rd1 Bg6 16. Qc3 Nd7 17. O-O Rad8 18. c5 Kh8 19. Rd2 f5 20. Rfd1 Bh5 21. Kf1
e4 22. Qxg7+ Qxg7 23. Bxg7+ Kxg7 24. Rxd7+ Rxd7 25. Rxd7+ Rf7 26. Rxf7+ Bxf7
27. Nd4 Kf6 28. g3 Be8 29. Bc4 Bd7 30. Ke2 b6 31. cxb6 axb6 32. b5 c5 33. Nb3
Be5 34. a4 Bc3 35. Nd2 Be8 36. Kd1 h6 37. Kc2 Bb4 38. Bg8 Ke7 39. Bh7 Kf6 40.
g4 fxg4 41. hxg4 Bxd2 42. Kxd2 Ke5 43. Kc3 Bd7 44. Bf5 1-0

[Event "BL 8586 Kreuzberg-Bayern"]
[Site "?"]
[Date "1986.??.??"]
[Round "?.4"]
[White "Grzesik, F."]
[Black "Hecht, H."]
[Result "1/2-1/2"]
[WhiteElo "2285"]
[BlackElo "2445"]
[PlyCount "83"]
[EventDate "1986.??.??"]

1. e4 e6 2. d4 d5 3. Nc3 Nc6 4. Nf3 Nf6 5. e5 Ne4 6. Bd3 Bb4 7. Bd2 Nxd2 8.
Qxd2 f6 9. exf6 gxf6 10. Qh6 Qe7 11. Bg6+ Kd8 12. O-O Qf8 13. Qxf8+ Bxf8 14.
Bh5 Kd7 15. Rfe1 Nd8 16. Bg4 c6 17. Ne2 Bd6 18. Nc1 h5 19. Bh3 Re8 20. Nd3 b6
21. Re3 Ba6 22. Rae1 c5 23. g3 Rc8 24. Nf4 Bxf4 25. gxf4 Rg8+ 26. Kh1 Rg4 27.
Bxg4 hxg4 28. Ra3 Bb7 29. Nh4 cxd4 30. Rc1 Nc6 31. Ng2 e5 32. fxe5 fxe5 33. Ne1
e4 34. Rd1 Kd6 35. Rg3 Rg8 36. Kg1 Kc5 37. h3 Ne5 38. hxg4 Rxg4 39. Rxg4 Nxg4
40. Kg2 a5 41. Kg3 Ne5 42. Kf4 1/2-1/2

[Event "BL 8586 Kreuzberg-Bayern"]
[Site "?"]
[Date "1986.??.??"]
[Round "?.5"]
[White "Hertneck, G."]
[Black "Konieczka, F."]
[Result "1/2-1/2"]
[WhiteElo "2410"]
[BlackElo "2240"]
[PlyCount "87"]
[EventDate "1986.??.??"]

1. d4 d5 2. c4 e6 3. Nf3 Be7 4. Nc3 Nf6 5. Bg5 O-O 6. e3 h6 7. Bh4 b6 8. cxd5
Nxd5 9. Bxe7 Qxe7 10. Nxd5 exd5 11. Bd3 Be6 12. O-O c5 13. b3 Nd7 14. Re1 Qd6
15. h3 Rac8 16. Bf1 Rfd8 17. dxc5 bxc5 18. e4 d4 19. Rc1 a5 20. Nd2 a4 21. g3
axb3 22. axb3 Qb6 23. f4 Rb8 24. Rb1 f6 25. Kh2 Ra8 26. Qc2 Qb4 27. Ra1 Nb6 28.
Bd3 Qc3 29. Rxa8 Rxa8 30. Rc1 Ra2 31. Qxa2 Qxc1 32. Qc2 Qe1 33. Nf1 Qc3 34.
Qxc3 dxc3 35. Bc2 Nc8 36. Kg2 Nd6 37. f5 Bf7 38. Kf2 Nb5 39. Ke3 c4 40. bxc4
Na3 41. Bb3 Nxc4+ 42. Kd4 Nd2 43. Nxd2 cxd2 44. Bd1 1/2-1/2

[Event "BL 8586 Kreuzberg-Bayern"]
[Site "?"]
[Date "1986.??.??"]
[Round "?.6"]
[White "Grzesik, T."]
[Black "Hickl, J."]
[Result "1-0"]
[WhiteElo "2335"]
[BlackElo "2370"]
[PlyCount "57"]
[EventDate "1986.??.??"]

1. e4 g6 2. d4 Bg7 3. Nc3 d6 4. f4 Nh6 5. Nf3 O-O 6. h3 Kh8 7. g4 f5 8. gxf5
gxf5 9. e5 Na6 10. Be3 c5 11. Rg1 b6 12. Bc4 Nc7 13. dxc5 bxc5 14. Qd2 Be6 15.
Bxe6 Nxe6 16. O-O-O Rc8 17. Nd5 Qd7 18. Qc3 Nf7 19. b3 Rg8 20. Qd3 Rcf8 21. Qa6
Bh6 22. Rxg8+ Rxg8 23. exd6 exd6 24. Nf6 Qc8 25. Qxa7 Rg7 26. Nh5 Qc6 27. Nxg7
Qxf3 28. Nxf5 Bxf4 29. Qxf7 1-0

[Event "BL 8586 Zehlendorf-München 36"]
[Site "?"]
[Date "1986.??.??"]
[Round "?.1"]
[White "Unzicker, W."]
[Black "Pritchett, C."]
[Result "1/2-1/2"]
[WhiteElo "2470"]
[BlackElo "2395"]
[PlyCount "78"]
[EventDate "1986.??.??"]

1. e4 c5 2. Nf3 e6 3. d4 cxd4 4. Nxd4 a6 5. Nc3 Qc7 6. g3 Nf6 7. Bg2 Be7 8. O-O
O-O 9. f4 Nc6 10. Nxc6 bxc6 11. e5 Nd5 12. Ne4 f5 13. exf6 Nxf6 14. Be3 Nxe4
15. Bxe4 d5 16. Bg2 Rb8 17. b3 Bf6 18. Bd4 e5 19. fxe5 Bxe5 20. Rxf8+ Kxf8 21.
Qf3+ Kg8 22. Qe3 Bxd4 23. Qxd4 Qb6 24. Rd1 Bf5 25. c3 a5 26. Qxb6 Rxb6 27. Kf2
Kf7 28. Ke3 Ke6 29. Rd4 Kd6 30. Ra4 Rb7 31. Rxa5 Re7+ 32. Kf2 Bb1 33. a4 Rf7+
34. Kg1 Re7 35. c4 Re1+ 36. Kf2 Rc1 37. cxd5 Rc2+ 38. Kg1 Rc1+ 39. Kf2 Rc2+
1/2-1/2

[Event "BL 8586 Zehlendorf-München 36"]
[Site "?"]
[Date "1986.??.??"]
[Round "?.2"]
[White "Riedel, W."]
[Black "Smejkal, J."]
[Result "1/2-1/2"]
[WhiteElo "2310"]
[BlackElo "2565"]
[PlyCount "80"]
[EventDate "1986.??.??"]

1. e4 c5 2. Nc3 Nc6 3. g3 g6 4. Bg2 Bg7 5. d3 d6 6. Nh3 e5 7. f4 exf4 8. Nxf4
Nge7 9. Be3 Rb8 10. O-O b5 11. a3 O-O 12. Qd2 a5 13. Rab1 b4 14. Ncd5 Nxd5 15.
Nxd5 Be6 16. Nf4 Qd7 17. h3 bxa3 18. bxa3 Nd4 19. g4 Qa4 20. c3 Nb5 21. e5 Bb3
22. Bc6 dxe5 23. Nd5 Bxd5 24. Bxd5 Nd6 25. Rxb8 Rxb8 26. Bxc5 Qd7 27. c4 Qc7
28. Qf2 Kh8 29. Ba7 Rf8 30. Bb6 Qd7 31. Bxa5 f5 32. Bc3 Nb5 33. Bb4 e4 34. Kh1
Re8 35. Qc5 Nd4 36. dxe4 Qd8 37. exf5 Qh4 38. Bg2 Ne2 39. Qf2 Ng3+ 40. Kg1 Bd4
1/2-1/2

[Event "BL 8586 Zehlendorf-München 36"]
[Site "?"]
[Date "1986.??.??"]
[Round "?.4"]
[White "Dankert, P."]
[Black "Bastian, H."]
[Result "0-1"]
[WhiteElo "2305"]
[BlackElo "2375"]
[PlyCount "90"]
[EventDate "1986.??.??"]

1. d4 Nf6 2. Nf3 g6 3. c4 Bg7 4. Nc3 O-O 5. e4 d6 6. Be2 e5 7. d5 Nbd7 8. Bg5
h6 9. Bh4 g5 10. Bg3 Nh5 11. h4 Nxg3 12. fxg3 g4 13. Nd2 h5 14. O-O Nf6 15. Bd3
Bh6 16. Qe2 c6 17. Kh2 Ne8 18. Kh1 Qb6 19. Nd1 Bd7 20. Rc1 Rc8 21. c5 Qc7 22.
Rc3 cxd5 23. a3 Qa5 24. exd5 f5 25. c6 bxc6 26. dxc6 Rxc6 27. Rxc6 Bxc6 28. Nc4
Qd8 29. Bxf5 Ng7 30. Bd3 e4 31. Bc2 Nf5 32. Rxf5 Rxf5 33. Nce3 Bb5 34. Qe1 Re5
35. Nc3 Bc6 36. Nc4 Re8 37. Bb3 Kh7 38. Qf2 Qd7 39. Qd4 Bg7 40. Qd2 d5 41. Na5
Ba8 42. Ne2 d4 43. Qb4 d3 44. Ba4 Qe7 45. Qb5 Qe5 0-1

[Event "BL 8586 Zehlendorf-München 36"]
[Site "?"]
[Date "1986.??.??"]
[Round "?.5"]
[White "Zysk, R."]
[Black "Lieb, H."]
[Result "1-0"]
[WhiteElo "2340"]
[BlackElo "2275"]
[PlyCount "71"]
[EventDate "1986.??.??"]

1. d4 d5 2. c4 c6 3. cxd5 cxd5 4. Nf3 Nf6 5. Nc3 Nc6 6. Bf4 g6 7. e3 Bg7 8. h3
O-O 9. Bd3 Bd7 10. O-O Rc8 11. a3 Bf5 12. Bxf5 gxf5 13. Ne5 e6 14. Rc1 Nxe5 15.
Bxe5 Ne4 16. Bxg7 Kxg7 17. Nxe4 Rxc1 18. Qxc1 fxe4 19. Qc5 b6 20. Qc6 Qc8 21.
Rc1 Qa6 22. Qc7 Qe2 23. Qe5+ Kg6 24. Qg3+ Kf6 25. Rc7 a6 26. Qd6 Kg7 27. Qxe6
Qe1+ 28. Kh2 Qxf2 29. Qxd5 Qxe3 30. Qe5+ Kg6 31. Rc3 f6 32. Qe7 Qh6 33. Rg3+
Kh5 34. Qxe4 f5 35. Qf3+ Kh4 36. Rg4+ 1-0

[Event "BL 8586 Zehlendorf-München 36"]
[Site "?"]
[Date "1986.??.??"]
[Round "?.6"]
[White "Rahls, P."]
[Black "Kaiser, W."]
[Result "0-1"]
[WhiteElo "2250"]
[BlackElo "2355"]
[PlyCount "76"]
[EventDate "1986.??.??"]

1. e4 c5 2. c3 Nf6 3. e5 Nd5 4. d4 cxd4 5. Nf3 Nc6 6. cxd4 d6 7. Bc4 Nb6 8. Bb3
d5 9. h3 Bf5 10. Nc3 e6 11. O-O Be7 12. Be3 O-O 13. Nh2 Rc8 14. g4 Bg6 15. f4
f5 16. Nf3 Na5 17. Bc2 Qe8 18. Rf2 Nac4 19. Bc1 Bb4 20. Nh4 Nxb2 21. Bxb2 Bxc3
22. Bxc3 Rxc3 23. gxf5 Bxf5 24. Nxf5 exf5 25. Rg2 Nc4 26. Bb3 b5 27. Bxc4 Rxc4
28. Qd3 Qe6 29. Kh2 b4 30. Rag1 Rf7 31. Rg5 Qh6 32. R1g3 Qc6 33. Rg2 Rc3 34.
Qb1 Qh6 35. R2g3 Rxg3 36. Kxg3 Qb6 37. Kf3 h6 38. Rxf5 Qg6 0-1

[Event "BL 8586 Sindelfingen-HSK"]
[Site "?"]
[Date "1986.??.??"]
[Round "?.4"]
[White "Ullrich, F."]
[Black "Wahls, M."]
[Result "1/2-1/2"]
[WhiteElo "2285"]
[BlackElo "2285"]
[PlyCount "79"]
[EventDate "1986.??.??"]

1. Nf3 Nf6 2. c4 c5 3. g3 b6 4. Bg2 Bb7 5. O-O e6 6. b3 d6 7. Bb2 Be7 8. e3
Nbd7 9. Qe2 O-O 10. Rd1 Qc7 11. Nc3 a6 12. Rac1 Rac8 13. d4 Rfe8 14. Ne1 cxd4
15. exd4 Bf8 16. Qf1 Bxg2 17. Qxg2 Qb8 18. a4 Qa8 19. Nc2 d5 20. Ba3 dxc4 21.
Qxa8 Rxa8 22. bxc4 Bxa3 23. Nxa3 e5 24. Nd5 Rac8 25. Nxf6+ Nxf6 26. c5 bxc5 27.
dxc5 Rc6 28. Rd6 Rec8 29. Rxc6 Rxc6 30. Rb1 h5 31. Rb6 Rxc5 32. Rxa6 Rc3 33.
Ra8+ Kh7 34. Nb5 Rc1+ 35. Kg2 Rc2 36. Ra7 e4 37. Kf1 Ng4 38. Rxf7 Nxf2 39. Kg2
Ng4+ 40. Kg1 1/2-1/2

[Event "BL 8586 Zähringen-Lasker"]
[Site "?"]
[Date "1986.??.??"]
[Round "?.1"]
[White "Wockenfuss, K."]
[Black "Vatter, H."]
[Result "1-0"]
[WhiteElo "2370"]
[BlackElo "2260"]
[PlyCount "91"]
[EventDate "1986.??.??"]

1. g3 Nf6 2. Bg2 d5 3. d3 e5 4. Nf3 Nc6 5. O-O Be7 6. a3 O-O 7. Nc3 d4 8. Nb1
h6 9. b4 a6 10. Bb2 Nd5 11. c4 dxc3 12. Nxc3 Nxc3 13. Bxc3 Bf6 14. Rc1 Nd4 15.
Nd2 g6 16. Bb2 Rb8 17. e3 Nf5 18. Qc2 c6 19. Rfd1 Bg7 20. Nf3 Re8 21. d4 exd4
22. e4 Nd6 23. Bxd4 Bxd4 24. Nxd4 Qe7 25. Qd2 Nb5 26. Nxb5 axb5 27. Qxh6 Be6
28. h4 Ra8 29. h5 gxh5 30. Rd3 Bc4 31. Rf3 Qf8 32. Qxh5 Re6 33. Rf4 Qg7 34. Rd1
Rh6 35. Qf3 Qb2 36. Rg4+ Kh8 37. Qf4 Rf6 38. Rh4+ Kg7 39. Qg5+ Rg6 40. Qh5 Kg8
41. e5 Kf8 42. Qh8+ Rg8 43. Qf6 Re8 44. Qh6+ Rg7 45. Rg4 Qxe5 46. Qh8+ 1-0

[Event "BL 8586 Zähringen-Lasker"]
[Site "?"]
[Date "1986.??.??"]
[Round "?.2"]
[White "Herbrechtsmeier, C."]
[Black "Muse, M."]
[Result "1-0"]
[WhiteElo "2330"]
[BlackElo "2430"]
[PlyCount "57"]
[EventDate "1986.??.??"]

1. e4 c6 2. c4 e5 3. Nc3 Nf6 4. f4 d6 5. d4 Nbd7 6. Nf3 exd4 7. Qxd4 Be7 8. Be3
O-O 9. Qd2 a6 10. Bd3 b5 11. cxb5 axb5 12. Nd4 Nb8 13. O-O Ng4 14. Kh1 Nxe3 15.
Qxe3 Re8 16. e5 g6 17. Ne4 d5 18. Ng3 b4 19. f5 Bg5 20. Qf3 Ra7 21. Rae1 Kh8
22. Qg4 Bh6 23. Nf3 c5 24. Nh5 Nd7 25. Nf6 Nxf6 26. exf6 gxf5 27. Qh4 Rxe1 28.
Rxe1 Qf8 29. Qxh6 1-0

[Event "BL 8586 Zähringen-Lasker"]
[Site "?"]
[Date "1986.??.??"]
[Round "?.3"]
[White "Cladouras, P."]
[Black "Kiefer, G."]
[Result "1-0"]
[WhiteElo "2320"]
[BlackElo "2220"]
[PlyCount "60"]
[EventDate "1986.??.??"]

1. e4 c5 2. Nf3 e6 3. d4 cxd4 4. Nxd4 Nf6 5. Nc3 d6 6. g4 h6 7. Bg2 Nc6 8. h3
Bd7 9. O-O Be7 10. Be3 a6 11. Qd2 Qc7 12. f4 O-O-O 13. Qf2 Na5 14. Nxe6 fxe6
15. Bb6 Qc4 16. Bxa5 Rdf8 17. b3 Qc5 18. Qxc5+ dxc5 19. e5 Nh7 20. Rad1 Bc6 21.
Bxc6 bxc6 22. Ne4 Rhg8 23. Nd6+ Kb8 24. Bb6 Bh4 25. Bxc5 Rd8 26. Rd4 Kc7 27.
Rb4 Rb8 28. Nc4 Rxb4 29. Bxb4 g5 30. f5 exf5 1-0

[Event "BL 8586 Zähringen-Lasker"]
[Site "?"]
[Date "1986.??.??"]
[Round "?.4"]
[White "Miltner, A."]
[Black "Brunner, L."]
[Result "1/2-1/2"]
[WhiteElo "2285"]
[BlackElo "2290"]
[PlyCount "101"]
[EventDate "1986.??.??"]

1. d4 e6 2. Nf3 c5 3. c3 Nc6 4. e4 d5 5. exd5 exd5 6. Be3 cxd4 7. Nxd4 Nf6 8.
Be2 Bd6 9. Nd2 O-O 10. O-O Re8 11. Re1 a6 12. Nf1 Bc7 13. Bg5 h6 14. Bh4 Bb6
15. Nxc6 bxc6 16. Bd3 Rxe1 17. Qxe1 Be6 18. Qe5 Ng4 19. Qh5 g5 20. Bg3 Qf6 21.
Ne3 Nxe3 22. fxe3 Bxe3+ 23. Kh1 g4 24. Bh4 Bg5 25. Rf1 Qg7 26. Bf2 f5 27. Bd4
Bf7 28. Bxg7 Bxh5 29. Be5 Bg6 30. Bxf5 Bxf5 31. Rxf5 Rf8 32. Rxf8+ Kxf8 33. h3
gxh3 34. gxh3 Ke7 35. Kg2 c5 36. Kf3 h5 37. b3 Ke6 38. Bg7 Kf5 39. Bf8 c4 40.
bxc4 dxc4 41. Bg7 Bf4 42. Bd4 Bd6 43. Bg7 Bc5 44. a4 Bd6 45. Bd4 Bc7 46. Bg7
Bb6 47. Bh8 Bg1 48. Bg7 Bh2 49. Bd4 Bd6 50. Bg7 Bb8 51. Bd4 1/2-1/2

[Event "BL 8586 Zähringen-Lasker"]
[Site "?"]
[Date "1986.??.??"]
[Round "?.5"]
[White "Paulsen, D."]
[Black "Arnold, L."]
[Result "1-0"]
[WhiteElo "2345"]
[BlackElo "2305"]
[PlyCount "141"]
[EventDate "1986.??.??"]

1. d4 Nf6 2. c4 c5 3. d5 e6 4. Nc3 exd5 5. cxd5 d6 6. e4 g6 7. Bd3 Bg7 8. Nge2
O-O 9. O-O Ng4 10. Bc2 Na6 11. h3 Ne5 12. f4 Nc4 13. Bd3 Nb6 14. Ng3 Nb4 15.
Bb1 a5 16. a3 Na6 17. e5 dxe5 18. f5 Nc7 19. d6 Ne8 20. Nce4 Nc4 21. Bg5 f6 22.
Ba2 fxg5 23. Bxc4+ Kh8 24. fxg6 Rxf1+ 25. Qxf1 b5 26. Bd5 Ra7 27. Qxb5 Nxd6 28.
Qb8 Nxe4 29. Bxe4 Qc7 30. Qxc7 Rxc7 31. gxh7 Bb7 32. Rd1 Bf6 33. Rf1 Bg7 34. a4
c4 35. Rf3 Bc8 36. Rf2 g4 37. Rd2 Rd7 38. Rc2 Rd1+ 39. Kh2 Be6 40. Bf5 Bxf5 41.
Nxf5 gxh3 42. Kxh3 Bf8 43. Rxc4 Kxh7 44. Kg4 Rd2 45. Rc7+ Kg6 46. Nh4+ Kf6 47.
Rc6+ Kf7 48. b3 Rd4+ 49. Kh5 Rd3 50. g4 Rxb3 51. g5 Ra3 52. Ng6 Bb4 53. Nxe5+
Ke7 54. g6 Re3 55. Nc4 Rg3 56. Kh6 Bc3 57. Rc7+ Kf6 58. Rc6+ Ke7 59. Ra6 Rh3+
60. Kg5 Rg3+ 61. Kf5 Rf3+ 62. Kg4 Rd3 63. Nxa5 Bxa5 64. Rxa5 Kf6 65. Ra6+ Kg7
66. Kf4 Rd5 67. Ke4 Rd1 68. a5 Rd2 69. Rc6 Ra2 70. a6 Ra5 71. Kd4 1-0

[Event "BL 8586 Zähringen-Lasker"]
[Site "?"]
[Date "1986.??.??"]
[Round "?.6"]
[White "Raupp, T."]
[Black "Jacoby, G."]
[Result "1-0"]
[WhiteElo "2275"]
[BlackElo "2305"]
[PlyCount "101"]
[EventDate "1986.??.??"]

1. c4 e5 2. Nc3 Nf6 3. Nf3 Nc6 4. g3 Bb4 5. Bg2 O-O 6. O-O Bxc3 7. dxc3 d6 8.
Qc2 Be6 9. b3 Qc8 10. Ng5 Bf5 11. e4 Bg6 12. Re1 a6 13. a4 Rb8 14. Nf3 h6 15.
h3 Kh8 16. Nh4 Bh7 17. Nf5 Ng8 18. Be3 Nge7 19. g4 Ng6 20. a5 Nd8 21. c5 dxc5
22. Bxc5 Re8 23. Rad1 Ne6 24. Ba7 Ra8 25. Be3 Nef4 26. Bf1 Qe6 27. f3 Rad8 28.
Rxd8 Rxd8 29. Rd1 Qf6 30. Rxd8+ Qxd8 31. Qd2 Qxd2 32. Bxd2 Ne6 33. b4 Ngf8 34.
Bc4 f6 35. Be3 Bg8 36. Ne7 Bf7 37. h4 h5 38. Bd5 c6 39. Bc4 hxg4 40. fxg4 Nd8
41. Be2 Ng6 42. Nf5 Nf4 43. Bf1 Bb3 44. g5 Bc2 45. Nd6 fxg5 46. hxg5 Kh7 47.
Bb6 Nde6 48. Nxb7 Bxe4 49. Bxa6 Nxg5 50. Nc5 Nd5 51. Nxe4 1-0

[Event "BL 8586 HSK-Zähringen"]
[Site "?"]
[Date "1986.??.??"]
[Round "?.2"]
[White "Chandler, M."]
[Black "Herbrechtsmeier, C."]
[Result "1-0"]
[WhiteElo "2525"]
[BlackElo "2330"]
[PlyCount "69"]
[EventDate "1986.??.??"]

1. e4 e5 2. Nf3 Nc6 3. Bb5 a6 4. Ba4 Nf6 5. O-O Be7 6. Re1 b5 7. Bb3 O-O 8. a4
Bb7 9. d3 d6 10. Nc3 Na5 11. Ba2 b4 12. Ne2 c5 13. Ng3 Bc8 14. h3 Rb8 15. Nd2
Be6 16. Nc4 Nc6 17. f4 exf4 18. Bxf4 Ne8 19. Nf5 Bf6 20. Rf1 Bxf5 21. exf5 d5
22. Bxb8 dxc4 23. Bg3 b3 24. cxb3 cxd3 25. Rc1 Nd6 26. Bb1 Ne4 27. Bf4 Nb4 28.
Rc4 Bd4+ 29. Kh2 g5 30. fxg6 fxg6 31. Rxb4 Rxf4 32. Rxf4 Qd6 33. g3 Nxg3 34.
Rbxd4 cxd4 35. Kxg3 1-0

[Event "BL 8586 HSK-Zähringen"]
[Site "?"]
[Date "1986.??.??"]
[Round "?.3"]
[White "Kiefer, G."]
[Black "Reefschlaeger, H."]
[Result "1-0"]
[WhiteElo "2220"]
[BlackElo "2395"]
[PlyCount "29"]
[EventDate "1986.??.??"]

1. e4 e6 2. d4 d5 3. Nc3 Bb4 4. Bd2 dxe4 5. Qg4 Qxd4 6. O-O-O h5 7. Qe2 Bd7 8.
Nxe4 Bxd2+ 9. Rxd2 Qa4 10. a3 Na6 11. Nf3 O-O-O 12. Qe3 Nb8 13. Nc5 Qg4 14. Ne5
Qf5 15. Qb3 1-0

[Event "BL 8586 HSK-Zähringen"]
[Site "?"]
[Date "1986.??.??"]
[Round "?.4"]
[White "Wahls, M."]
[Black "Miltner, A."]
[Result "1/2-1/2"]
[WhiteElo "2285"]
[BlackElo "2285"]
[PlyCount "95"]
[EventDate "1986.??.??"]

1. e4 c6 2. d4 d5 3. exd5 cxd5 4. c4 Nf6 5. Nc3 Nc6 6. Bg5 Be6 7. Bxf6 exf6 8.
a3 g6 9. Be2 Bh6 10. Bf3 Ne7 11. cxd5 Nxd5 12. Qa4+ Kf8 13. Nge2 Kg7 14. O-O a6
15. Rad1 b5 16. Qc2 Rc8 17. Rfe1 f5 18. Qd3 Bg5 19. Nxd5 Bxd5 20. Bxd5 Qxd5 21.
Qg3 Qd8 22. d5 Re8 23. d6 Rc2 24. Nd4 Rxe1+ 25. Rxe1 Rc4 26. Rd1 f4 27. Qf3 Bf6
28. Qd5 Bxd4 29. Rxd4 Qg5 30. h3 Rc1+ 31. Kh2 Qxd5 32. Rxd5 Rc8 33. d7 Rd8 34.
Rd6 f6 35. Kg1 h5 36. Kf1 Kf7 37. Ke2 Ke7 38. Rxa6 Rxd7 39. Rb6 Rd5 40. b3 g5
41. a4 bxa4 42. bxa4 Ra5 43. Rb4 Rd5 44. Rb5 Rd4 45. a5 Ra4 46. h4 f3+ 47. Kxf3
Rxh4 48. g3 1/2-1/2

[Event "BL 8586 HSK-Zähringen"]
[Site "?"]
[Date "1986.??.??"]
[Round "?.6"]
[White "Behrhorst, F."]
[Black "Raupp, T."]
[Result "1/2-1/2"]
[WhiteElo "2320"]
[BlackElo "2275"]
[PlyCount "86"]
[EventDate "1986.??.??"]

1. d4 Nf6 2. c4 c5 3. d5 e5 4. Nc3 d6 5. e4 Nbd7 6. g3 g6 7. Nh3 Bg7 8. f3 O-O
9. Nf2 Ne8 10. Bh3 Nc7 11. a3 a6 12. Bxd7 Bxd7 13. b4 b6 14. O-O f5 15. Bd2 Ne8
16. bxc5 bxc5 17. Rb1 Nf6 18. Rb7 Bc8 19. Rb2 Bd7 20. Qc2 Qc7 21. Kg2 Rfb8 22.
Rfb1 Rxb2 23. Qxb2 Kf7 24. Qb7 Qxb7 25. Rxb7 Kf8 26. Bg5 Bc8 27. Rb6 Ne8 28.
Nd3 h6 29. Be3 Ke7 30. Na4 fxe4 31. fxe4 Nf6 32. Naxc5 dxc5 33. Nxc5 Kf7 34.
Rc6 Bf8 35. Rc7+ Ke8 36. Na4 Bd7 37. Nb6 Rd8 38. Nxd7 Rxd7 39. Rc6 Rd6 40. Rc8+
Rd8 41. Rc6 Rd6 42. Rc8+ Rd8 43. Rc6 Rd6 1/2-1/2

[Event "BL 8586 HSK-Zähringen"]
[Site "?"]
[Date "1986.??.??"]
[Round "?.7"]
[White "Schuh, H."]
[Black "Wegner, H."]
[Result "1/2-1/2"]
[WhiteElo "2300"]
[BlackElo "2210"]
[PlyCount "22"]
[EventDate "1986.??.??"]

1. d4 Nf6 2. c4 e6 3. Nf3 b6 4. g3 Ba6 5. b3 Bb4+ 6. Bd2 Be7 7. Bg2 c6 8. O-O
d5 9. Qc2 Nbd7 10. Bf4 Rc8 11. Nbd2 c5 1/2-1/2

[Event "BL 8586 Lasker-Sindelfingen"]
[Site "?"]
[Date "1986.??.??"]
[Round "?.1"]
[White "Fahnenschmidt, G."]
[Black "Wockenfuss, K."]
[Result "1/2-1/2"]
[WhiteElo "2335"]
[BlackElo "2370"]
[PlyCount "33"]
[EventDate "1986.??.??"]

1. d4 d6 2. e4 g6 3. Nf3 Nf6 4. Nc3 Bg7 5. Be2 O-O 6. O-O Bg4 7. Be3 Nc6 8. Qd2
e5 9. dxe5 dxe5 10. Rad1 Qc8 11. Bg5 a6 12. Bxf6 Bxf6 13. Nd5 Bg7 14. c3 f6 15.
b4 Re8 16. a4 Ne7 17. Ne3 1/2-1/2

[Event "BL 8586 Lasker-Sindelfingen"]
[Site "?"]
[Date "1986.??.??"]
[Round "?.4"]
[White "Brunner, L."]
[Black "Ullrich, F."]
[Result "1-0"]
[WhiteElo "2290"]
[BlackElo "2285"]
[PlyCount "85"]
[EventDate "1986.??.??"]

1. Nf3 Nf6 2. c4 e6 3. d4 d5 4. Nc3 Be7 5. Bg5 O-O 6. e3 h6 7. Bh4 b6 8. Rc1
Bb7 9. cxd5 exd5 10. Be2 Nbd7 11. O-O c5 12. Qc2 Ne4 13. Bxe7 Qxe7 14. dxc5
Ndxc5 15. Rfd1 Rfd8 16. Nd4 Rac8 17. Bg4 Rb8 18. a3 g6 19. b4 Nxc3 20. Qxc3 Ne4
21. Qb2 Qf6 22. Rc2 Nd6 23. Be2 Nc4 24. Bxc4 dxc4 25. Rxc4 Qe5 26. Rc3 Rbc8 27.
Rxc8 Rxc8 28. Rc1 Re8 29. Qd2 Qg5 30. Nc6 Bc8 31. Kh1 Be6 32. Nxa7 Rd8 33. Qe2
Bd5 34. f4 Qe7 35. Nb5 Bb3 36. h3 Qe4 37. Nc3 Qf5 38. Qb2 Bc4 39. Qf2 Bd3 40.
Rd1 Rc8 41. Qd2 Rd8 42. e4 Qe6 43. Qe3 1-0